| 000 | 01165nam a2200325Ia 4500 | ||
|---|---|---|---|
| 001 | Para_9344 | ||
| 003 | CHAP | ||
| 008 | 220125s2007 xx 000 0 und d | ||
| 010 | _a207949 | ||
| 040 | _cCHAP | ||
| 090 | _aTESIS 2087 | ||
| 100 |
_aRamírez Ramos, José Marcos _994208 |
||
| 245 |
_aDiagnóstico de enfermedades bacterianas en el cultivo de la sandía [Citrullus lanatus (Thunb) Matsum & Nakai] en Chapingo, Edo. de México / _c por José Marcos Ramírez Ramos |
||
| 260 |
_aChapingo, Méx. : _b el autor |
||
| 300 | _a68 h. | ||
| 502 | _aTesis (Ing. Agr. Esp. en Parasitología Agrícola) -- UACh. Departamento Parasitología Agrícola | ||
| 650 |
_aBacterias fitopatógenas _99326 |
||
| 650 |
_aErwinia tracheiphila _937363 |
||
| 650 |
_aPseudomonas syringae _992578 |
||
| 650 |
_aSandia _x enfermedades por bacterias _9102064 |
||
| 650 |
_aXanthomonas cucurbitae _9174401 |
||
| 710 |
_aUACh. Departamento Parasitología Agrícola _9164025 |
||
| 901 | _aTESIS 2087 | ||
| 902 | _aM | ||
| 905 | _a0000002007 amn 0000000000 00 | ||
| 910 | _a2007 | ||
| 942 | _cPARA | ||
| 942 |
_cPARA _d2 |
||
| 999 |
_c207949 _d207949 |
||